000 00804nam a2200229Ia 4500
003 GCL
008 140319s9999 xx 000 0 ara d
020 _a5516401977
040 _aGCL /
_cGCL
082 0 4 _a247.82
_bا هـ
100 1 _aعبدالحميد فهمى الجمال
245 1 0 _aالاصولية الاسلامية فى العصر الحديث /
_cعبدالحميد فهمى الجمال
260 _aالقاهرة :
_bالهيئة المصرية العامة للكتاب ،
_c1997
300 _a509 ص ؛
_c22 سم
490 _aتاريخ المصريين
_v107
650 0 4 _aالفقه الاسلامى
650 0 4 _aالاسلام - تاريخ
650 0 4 _aالاصولية
650 0 4 _aالاخوان المسلمون
650 0 4 _aالامامية
942 _2ddc
_cBK
999 _c43164
_d43164